00599nam a22001457a 4500020001800000082001800018100001700036245011500053260004400168300002100212880002700233942001200260999001900272952016200291 a9787510453885 a332.4973bPRA aEswar Prasad aThe dollar trap : bhow the U.S. dollar tightened its grip on global finance (Chinese Edition) /cPrasad Eswar aChina :bGrand Publishing House,c2015. a358 p. ;c24 cm. 6245-02\ra美元陷阱 2ddccBK c591724d591724 00102ddc406332_497300000000000_PRA709582937aCLbCLcCHISTd2022-10-12eDonated by China Embassyl0o332.4973 PRApCL-D-1861r2022-10-12w2022-10-12yBK